<?xml version="1.0" encoding="UTF-8"?><?xml-stylesheet type="text/xsl" href="static/style.xsl"?><OAI-PMH xmlns="http://www.openarchives.org/OAI/2.0/" xmlns:xsi="http://www.w3.org/2001/XMLSchema-instance" xsi:schemaLocation="http://www.openarchives.org/OAI/2.0/ http://www.openarchives.org/OAI/2.0/OAI-PMH.xsd"><responseDate>2026-06-01T09:55:22Z</responseDate><request verb="GetRecord" identifier="oai:riuma.uma.es:10630/29350" metadataPrefix="marc">https://riuma.uma.es/rest/oai/request</request><GetRecord><record><header><identifier>oai:riuma.uma.es:10630/29350</identifier><datestamp>2026-02-03T11:39:39Z</datestamp><setSpec>com_10630_2254</setSpec><setSpec>col_10630_37956</setSpec></header><metadata><record xmlns="http://www.loc.gov/MARC21/slim" xmlns:dcterms="http://purl.org/dc/terms/" xmlns:doc="http://www.lyncode.com/xoai" xmlns:xsi="http://www.w3.org/2001/XMLSchema-instance" xsi:schemaLocation="http://www.loc.gov/MARC21/slim http://www.loc.gov/standards/marcxml/schema/MARC21slim.xsd">
   <leader>00925njm 22002777a 4500</leader>
   <datafield ind2=" " ind1=" " tag="042">
      <subfield code="a">dc</subfield>
   </datafield>
   <datafield ind2=" " ind1=" " tag="720">
      <subfield code="a">Redondo-Castro, Cristina</subfield>
      <subfield code="e">author</subfield>
   </datafield>
   <datafield ind2=" " ind1=" " tag="720">
      <subfield code="a">Grana-Gil, Isabel María</subfield>
      <subfield code="e">author</subfield>
   </datafield>
   <datafield ind2=" " ind1=" " tag="260">
      <subfield code="c">2023-07</subfield>
   </datafield>
   <datafield ind2=" " ind1=" " tag="520">
      <subfield code="a">El objetivo de este trabajo es analizar las experiencias y prácticas educativas de renovación pedagógica recogidas en el suplemento de Pedagogía e Instrucción Pública del periódico El Sol desde 1917 a 1921. Para poder llevarlo a cabo hemos consultado y analizado 141 ejemplares del Suplemento, que han sido localizados en la Biblioteca Nacional de España (BNE). Nos centramos en el análisis de una fuente documental primaria, un documento inédito que, sin duda, fue un referente y constituyó, durante el periodo de estudio, uno de los medios más influyentes para la regeneración política y social del país. &#xd;
La prensa es y ha sido una herramienta fundamental en el proceso socializador de los individuos es incuestionable, pues junto con la televisión, la radio e internet, posee un gran potencial para transmitir la cultura, valores, creencias, códigos éticos, etc.&#xd;
Concretamente, hace más de un siglo, sirvió de plataforma a aquellos que buscaban la regeneración del país o el cambio del modelo social, apostando por la prensa como una herramienta indispensable para la difusión y consecución de las ideas.&#xd;
A través del suplemento de Pedagogía, Luzuriaga pretendía informar a la sociedad — aunque no siempre era él el que firmaba los artículos publicados— entre otras muchas, de la existencia de experiencias y prácticas educativas alternativas que se estaban desarrollando tanto dentro como fuera de nuestras fronteras, en un intento de mostrar que la enseñanza y la educación iban mucho más allá de la escuela tradicional, que había otras posibilidades y sobre todo, que la educación debía abarcar a todos los ciudadanos —y ciudadanas—, de todas las edades y singularidades.&#xd;
En este sentido, en el suplemento se recogen tanto las iniciativas que se iban desarrollando en España como en el extranjero y que pudieran ser aplicadas en nuestro país.</subfield>
   </datafield>
   <datafield ind1="8" ind2=" " tag="024">
      <subfield code="a">978-84-19588-56-2</subfield>
   </datafield>
   <datafield ind1="8" ind2=" " tag="024">
      <subfield code="a">https://hdl.handle.net/10630/29350</subfield>
   </datafield>
   <datafield tag="653" ind2=" " ind1=" ">
      <subfield code="a">Educación - En los medios de comunicación social - España - 1917-1921</subfield>
   </datafield>
   <datafield ind2="0" ind1="0" tag="245">
      <subfield code="a">El Sol. Un diario comprometido con la renovación pedagógica. (1917-1921)</subfield>
   </datafield>
</record>
</metadata></record></GetRecord></OAI-PMH>